| 000 | 01918nas a2200277Ia 4500 | ||
|---|---|---|---|
| 001 | R235-R2465 | ||
| 003 | IT-CnALBA | ||
| 008 | 170116c99999999xx |||||||||||| ||und|| | ||
| 040 |
_aIT-CnALBA _cIT-CnALBA |
||
| 041 | _aITALIANO | ||
| 100 | _aGUITTON JEAN, ACCADEMICO DI FRANCIA | ||
| 210 | _aMADRE DI DIO | ||
| 222 | _aMADRE DI DIO | ||
| 245 | 0 | _aMADRE DI DIO. N. XI ANNO LXII NOVEMBRE 1994 MENSILE MARIANO. | |
| 250 | _a1a ed. | ||
| 260 |
_aCINISELLO BALSAMO (MI) _bEDIZIONI PAOLINE _c1994 |
||
| 300 | _a32 p. | ||
| 310 | _aMENSILE | ||
| 362 | _aFascicolo: 11 / Anno: 62 (1994) | ||
| 500 | _aMARIA REALTÀ E SIMBOLO. UNITÀ DEI CRISTIANI SOLLECITUDINE DI D. ALBERIONE. JEAN GUITTON E LA MEDAGLIA MIRACOLOSA. CON MARIA SOTTO LA CROCE. MADRE DEL CARMELO. CARDINAL STEPINAC PROFETA DI PACE PER LA JUGOSLAVIA. DAMINELLI G. MURO DI BERLINO A FATIMA. MADONNA DEL MILLE IN S. CLEMENTE ROMA. STORIA DELL'EUROPA VISTA DA FATIMA. VERO VOLTO DELLA DONNA IN MARIA. MARIOLOGIA FERRARO P. REGINA DELLA PACE, VALLE REATINA, VERGINE POVERELLA. S. SERGIO DI RADOMEZ E LA ICONOGRAFIA. APOSTOLATO DAL LETTO DI DOLORE. SUOR BENEDETTA FREY. CASA PAOLINA A FATIMA. | ||
| 501 | _aSocietà San Paolo EM - Piazza San Paolo, 14 - 12051 ALBA (CN) (non commercial uses only) ® Copyright 2017 | ||
| 520 | _aMARIA REALTÀ E SIMBOLO. UNITÀ DEI CRISTIANI SOLLECITUDINE DI D. ALBERIONE. JEAN GUITTON E LA MEDAGLIA MIRACOLOSA. CON MARIA SOTTO LA CROCE. MADRE DEL CARMELO. CARDINAL STEPINAC PROFETA DI PACE PER LA JUGOSLAVIA. DAMINELLI G. MURO DI BERLINO A FATIMA. MADONNA DEL MILLE IN S. CLEMENTE ROMA. STORIA DELL'EUROPA VISTA DA FATIMA. VERO VOLTO DELLA DONNA IN MARIA. MARIOLOGIA FERRARO P. REGINA DELLA PACE, VALLE REATINA, VERGINE POVERELLA. S. SERGIO DI RADOMEZ E LA ICONOGRAFIA. APOSTOLATO DAL LETTO DI DOLORE. SUOR BENEDETTA FREY. CASA PAOLINA A FATIMA. | ||
| 650 | _aANGELI SANTI DEMONI | ||
| 942 | _cCR | ||
| 957 | _71 | ||
| 999 |
_a12443 _bNO _g1 _c320540 _d320540 |
||